LEADER 01170cam0 2200289 450 001 E600200025793 005 20130924114005.0 010 $a8843534556 100 $a20070314d1990 |||||ita|0103 ba 101 $aita 102 $aIT 200 1 $aNapoli 1804$eI siti reali, la cittą, i casali nelle piante di Luigi Marchese. [Museo di Capodimonte, 21 dicembre 1990-3 marzo 1991] 210 $aNapoli$cElecta Napoli$d1990 215 $a108 p.$ctav.$d24 cm$e22 c 225 2 $aQuaderni di Capodimonte 300 $aIn testa al frontespizio: Soprintendenza per i Beni Artistici e Storici di Napoli ; Societą Studi Centro Storico Napoli 410 1$1001LAEC00017669$12001 $a*Quaderni di Capodimonte 463 1$1001E600200033608$12000 $aNapoli 1804 : I siti reali, la cittą, i casali nelle piante di Luigi Marchese 801 0$aIT$bUNISOB$c20130924$gRICA 850 $aUNISOB 852 $aUNISOB$j900$m67483 912 $aE600200025793 940 $aM 102 Monografia moderna SBN 941 $aM 957 $a900$b002246$gSi$d67483$racquisto$1pregresso1$2UNISOB$3UNISOB$420070314081723.0$520130924113416.0$6bethb 996 $aNapoli 1804$9352439 997 $aUNISOB